Statistics for Guess 20 croatian footballers by image

Click here to take the quiz!

General Stats

  • This quiz has been taken 67 times
  • The average score is 15 of 20

Answer Stats

Answer% Correct
Ivan Rakitic
95%
Luka Modrić
95%
Ivan Perisic
93%
Mario Mandzukic
93%
Mateo Kovačić
89%
Marcelo Brozovic
88%
Ante Rebic
86%
Dejan Lovren
86%
Josko Gvardiol
86%
Domagoj Vida
82%
Danijel Subasic
81%
Dominik Livakovic
79%
Davor Šuker
77%
Sime Vrsaljko
77%
Darijo Srna
75%
Andrej Kramaric
72%
Ivica Olic
70%
Robert Prosinecki
40%
Zvonimir Boban
40%
Alen Boksic
26%

Score Distribution

Percentile by Number Answered

Percent of People with Each Score

Your Score History

You have not taken this quiz